000 00444nam a2200181 a 4500
001 1429
003 CO-ViMGA
008 141112s2004 ck r 000 u spa d
040 _aCO-ViMGA
_bspa
_cCO-ViMGA
082 0 4 _a111.84 S424H
100 1 _aSichere, Bernard
_949689
245 1 0 _aHistorias del mal
260 _aBarcelona :
_bGedisa,
_c1996
300 _a238 p
490 _aHombre y sociedad
650 1 4 _aMALDAD
_949690
942 _2ddc
_cBK
999 _c13631
_d13631